Diagnóstico del sistema de riego del área demostrativa San Luis, del Proyecto de Riego Arenal-Tempisque.

Gespeichert in:
Bibliographische Detailangaben
1. Verfasser: Villarreal Rodríguez, Gerardo
Format: Buch
Veröffentlicht: [San José , Costa Rica] 1994
Schlagworte:
Tags: Tag hinzufügen
Keine Tags, Fügen Sie den ersten Tag hinzu!

MARC

LEADER 00000nam a2200000Ia 4500
003 007968
005 20221231144246.0
008 140114s1994 cr a m 000 ||s d
040 |c cru CEDI 
090 |a TFG 3487 
100 |a Villarreal Rodríguez, Gerardo  |9 10300 
245 |a Diagnóstico del sistema de riego del área demostrativa San Luis, del Proyecto de Riego Arenal-Tempisque. 
260 |c 1994  |a  [San José , Costa Rica] 
300 |a  xii, 165 hojas.  
500 |a  Proyecto de graduación (licenciatura en ingeniería agrícola)--Universidad de Costa Rica. Facultad de Ingeniería. Escuela de Ingeniería Agrícola 
650 |x PROYECTO DE RIEGO ARENAL-TEMPISQUE (COSTA RICA)  |x RIEGO - GUANACASTE (COSTA RICA)  |9 10301 
942 |c TFG  |2 ddc 
999 |c 19196  |d 19196